Essai sur la propagation de l'alphabet phénicien dans l'ancien monde / (Record no. 157514)

MARC details
000 -LEADER
campo de control de longitud fija 00962nam a2200241 i 4500
001 - NÚMERO DE CONTROL
campo de control 157514
003 - IDENTIFICADOR DE NÚMERO DE CONTROL
campo de control ES-MaACL
005 - FECHA Y HORA DE LA ÚLTIMA TRANSACCIÓN
campo de control 20250929063225.0
008 - DATOS DE LONGITUD FIJA--INFORMACIÓN GENERAL
campo de control de longitud fija 940627m18721873fr f |||| | fre d
040 ## - FUENTE DE CATALOGACIÓN
Centro catalogador/agencia de origen CAT
Lengua de catalogación spa
Centro/agencia transcriptor CAT
Centro/agencia modificador CCPB
080 ## - NÚMERO DE LA CLASIFICACIÓN DECIMAL UNIVERSAL
Número de la Clasificación Decimal Universal 801.11
100 1# - ENTRADA PRINCIPAL--NOMBRE DE PERSONA
Nombre de persona Lenormant, François,
Fechas asociadas al nombre 1837-1883
9 (RLIN) 128877
245 10 - MENCIÓN DEL TÍTULO
Título Essai sur la propagation de l'alphabet phénicien dans l'ancien monde /
Mención de responsabilidad, etc. par François Lenormant.
260 ## - PUBLICACIÓN, DISTRIBUCIÓN, ETC.
Lugar de publicación, distribución, etc. Paris :
Nombre del editor, distribuidor, etc. Maisonneuve et Cie,
Fecha de publicación, distribución, etc. 1872.
300 ## - DESCRIPCIÓN FÍSICA
Extensión 2 v. (344 p., XIX h. de làms., [4] h. pleg.; 160+, XXI h. de làms.) ;
Dimensiones 27 cm.
504 ## - NOTA DE BIBLIOGRAFÍA, ETC.
Nota de bibliografía, etc. Referencias bibliográficas.
596 ## - NOTA AL PIE DE IMPRENTA
NOTA AL PIE DE IMPRENTA Fecha obtenida de BNP.
650 #4 - PUNTO DE ACCESO ADICIONAL DE MATERIA--TÉRMINO DE MATERIA
Término de materia o nombre geográfico como elemento de entrada Lengua fenicia-
Subdivisión general Alfabeto.
9 (RLIN) 136359
700 1# - ENTRADA AGREGADA--NOMBRE PERSONAL
Nombre de persona Maisonneuve
Títulos y otros términos asociados al nombre , et Cie.
9 (RLIN) 129370
752 ## - ENTRADA AGREGADA--NOMBRE JERÁRQUICO DEL LUGAR
País o entidad superior Francia -
Ciudad París
852 ## - LOCALIZACIÓN
Ubicación ES-MaACL
Número de control de estantería G-7033-34
Nota libre - Enc. hol.
Encuadernación - Imp. del t.I, Imprimerie Adolphe Lainé, e imp. del t.II, Imprimerie Georges Chamerot
Holdings
Estatus retirado Estado de pérdida Estado de daño No para préstamo Colección Biblioteca de origen Biblioteca actual Ubicación en estantería Fecha de adquisición Fuente de adquisición Total de préstamos Signatura topográfica completa Código de barras Visto por última vez Precio de reemplazo Tipo de ítem Koha
        Libros del s. XIX Biblioteca del Ateneo de Madrid Biblioteca del Ateneo de Madrid Depósito 2 17/01/2008     G-7033-34 1164833 23/02/2023 23/02/2023 Libro impreso antiguo